[Event "Madrid-ch Previa A"]
[Site "Madrid"]
[Date "2023.02.21"]
[Round "8.25"]
[White "Ramos Antona, Enrique"]
[Black "Metola Arias, Mario"]
[Result "0-1"]
[WhiteElo "1565"]
[BlackElo "1498"]
[PlyCount "92"]
[EventDate "2023.02.06"]
[EventType "swiss"]
[EventRounds "9"]
[EventCountry "ESP"]
[SourceTitle "EXT 2024"]
[Source "ChessBase"]
[SourceDate "2023.10.10"]
[SourceVersion "1"]
[SourceVersionDate "2023.10.10"]
[SourceQuality "1"]

1. d4 Nf6 2. c4 g6 3. g3 Bg7 4. Bg2 d5 5. Nf3 Nc6 6. Nc3 e6 7. b3 dxc4 8. bxc4 0-0 9. Bb2 a5 10. 0-0 Bd7 11. e3 Rb8 12. Rc1 Qe7 13. Re1 Qb4 14. Qb3 Qxb3 15. axb3 Nb4 16. Red1 Bc6 17. Ba3 Ra8 18. Bxb4 axb4 19. Nb5 Rfc8 20. Ra1 Bxb5 21. cxb5 Nd5 22. Bf1 c6 23. bxc6 bxc6 24. Bc4 Nc3 25. Rxa8 Rxa8 26. Rd2 Nb1 27. Rc2 Na3 28. Ra2 Rc8 29. Ne5 c5 30. Nd3 Nxc4 31. bxc4 b3 32. Rb2 cxd4 33. exd4 Bxd4 34. Rxb3 Rxc4 35. Kg2 Rc2 36. h4 e5 37. Kf3 f5 38. Kg2 e4 39. Nf4 Rxf2+ 40. Kh3 e3 41. Rb8+ Kf7 42. Rb7+ Ke8 43. Nd3 e2 44. Rb1 Rf1 45. Re1 Rxe1 46. Nxe1 Bf2 0-1

[Event "Madrid-ch Previa A"]
[Site "Madrid"]
[Date "2023.02.20"]
[Round "7.23"]
[White "Martinez Miura, Enrique"]
[Black "Ramos Antona, Enrique"]
[Result "1/2-1/2"]
[WhiteElo "1494"]
[BlackElo "1565"]
[PlyCount "68"]
[EventDate "2023.02.06"]
[EventType "swiss"]
[EventRounds "9"]
[EventCountry "ESP"]
[SourceTitle "EXT 2024"]
[Source "ChessBase"]
[SourceDate "2023.10.10"]
[SourceVersion "1"]
[SourceVersionDate "2023.10.10"]
[SourceQuality "1"]

1. e4 e5 2. Nf3 d6 3. d4 exd4 4. Nxd4 Nf6 5. Nc3 Be7 6. Be2 0-0 7. 0-0 Re8 8. h3 h6 9. Re1 Bf8 10. Bc4 c6 11. Bf4 Nbd7 12. Bb3 Ne5 13. Bxe5 dxe5 14. Nf3 Qc7 15. a3 Be6 16. Bxe6 Rxe6 17. Qe2 Rd8 18. Rad1 Ree8 19. Qc4 Bd6 20. b4 b5 21. Qb3 a5 22. Rd3 axb4 23. axb4 Be7 24. Red1 Rxd3 25. Rxd3 Rd8 26. Rxd8+ Bxd8 27. Qa3 Be7 28. Qb3 Qd6 29. Kf1 Nd7 30. Na2 Qd1+ 31. Ne1 Nb6 32. Qd3 Qxd3+ 33. Nxd3 Nc4 34. Ke2 f6 1/2-1/2

[Event "Madrid-ch Previa A"]
[Site "Madrid"]
[Date "2023.02.14"]
[Round "5.33"]
[White "Calle Trueba, Jose Antonio"]
[Black "Ramos Antona, Enrique"]
[Result "1/2-1/2"]
[WhiteElo "1335"]
[BlackElo "1565"]
[PlyCount "75"]
[EventDate "2023.02.06"]
[EventType "swiss"]
[EventRounds "9"]
[EventCountry "ESP"]
[SourceTitle "EXT 2024"]
[Source "ChessBase"]
[SourceDate "2023.10.10"]
[SourceVersion "1"]
[SourceVersionDate "2023.10.10"]
[SourceQuality "1"]

1. c4 Nf6 2. g3 c6 3. Bg2 e6 4. Nc3 Be7 5. Nf3 d5 6. cxd5 exd5 7. d4 0-0 8. 0-0 Nbd7 9. a3 Re8 10. b4 Nb6 11. Nd2 Bf5 12. Na4 Nxa4 13. Qxa4 Qd7 14. Qb3 Bh3 15. Nf3 Bxg2 16. Kxg2 Ne4 17. Qd3 Bf6 18. e3 a5 19. Bb2 axb4 20. axb4 Qe7 21. Bc3 h6 22. Nd2 Nxc3 23. Qxc3 Qd6 24. Qc5 Qc7 25. Nb3 Be7 26. Qc3 b6 27. b5 c5 28. Rxa8 Rxa8 29. Ra1 Rc8 30. dxc5 bxc5 31. Qa5 Qxa5 32. Rxa5 Rb8 33. b6 c4 34. Nd4 Rxb6 35. Rxd5 Bf6 36. Rc5 Bxd4 37. exd4 Rb4 38. d5 1/2-1/2

[Event "Madrid-ch Seniors 65+"]
[Site "Madrid"]
[Date "2022.04.18"]
[Round "1"]
[White "Ramos Antona, Enrique"]
[Black "Cabanas Bravo, Juan Andres"]
[Result "0-1"]
[WhiteElo "1540"]
[BlackElo "1891"]
[PlyCount "80"]
[EventDate "2022.04.18"]
[EventType "swiss"]
[EventRounds "7"]
[EventCountry "ESP"]
[SourceTitle "EXT 2023"]
[Source "ChessBase"]
[SourceDate "2022.10.05"]
[SourceVersion "1"]
[SourceVersionDate "2022.10.05"]
[SourceQuality "1"]

1. d4 Nf6 2. c4 e5 3. dxe5 Ng4 4. Nf3 Bc5 5. e3 Nc6 6. a3 a5 7. b3 0-0 8. Be2 Re8 9. 0-0 Ngxe5 10. Nxe5 Nxe5 11. Bb2 Ra6 12. Nd2 Rh6 13. Bd4 Bxd4 14. exd4 Qh4 15. h3 Qxd4 16. Qc2 d6 17. Rad1 Qf4 18. g3 Qg5 19. Nf3 Nxf3+ 20. Bxf3 Rxh3 21. Rfe1 Rxg3+ 22. fxg3 Qxg3+ 23. Bg2 Rxe1+ 24. Rxe1 Qxe1+ 25. Kh2 Qe5+ 26. Kg1 Bf5 27. Qf2 Qc5 28. Bxb7 Bc2 29. b4 axb4 30. axb4 Qxf2+ 31. Kxf2 g5 32. Ke3 f5 33. c5 dxc5 34. bxc5 Kf7 35. Kd4 Ke7 36. Ke5 h5 37. Bc8 h4 38. Bb7 h3 39. Bh1 h2 40. Kd4 Be4 0-1

[Event "Madrid-ch Seniors 50"]
[Site "Madrid"]
[Date "2022.04.07"]
[Round "9"]
[White "Siddiqie, Kausar Iqbal"]
[Black "Ramos Antona, Enrique"]
[Result "0-1"]
[WhiteElo "1309"]
[BlackElo "1512"]
[PlyCount "54"]
[EventDate "2022.03.28"]
[EventType "swiss"]
[EventRounds "9"]
[EventCountry "ESP"]
[SourceTitle "EXT 2023"]
[Source "ChessBase"]
[SourceDate "2022.10.05"]
[SourceVersion "1"]
[SourceVersionDate "2022.10.05"]
[SourceQuality "1"]

1. e4 e5 2. Bc4 Be7 3. Nf3 d6 4. d4 exd4 5. Nxd4 Nf6 6. Nc3 0-0 7. 0-0 Re8 8. Bg5 h6 9. Bh4 c6 10. f4 d5 11. exd5 cxd5 12. Bb3 Bg4 13. Qd3 Nbd7 14. h3 Nc5 15. Qg3 Nxb3 16. Nxb3 Bf5 17. Kh1 Ne4 18. Bxe7 Nxg3+ 19. Kh2 Nxf1+ 20. Rxf1 Rxe7 21. g4 Bxc2 22. f5 Bxb3 23. axb3 Qd6+ 24. Kg1 Qc5+ 25. Kh1 Qe3 26. Kg2 d4 27. Nd5 Qe4+ 0-1

[Event "Madrid-ch Previa-A"]
[Site "Madrid"]
[Date "2022.03.16"]
[Round "6"]
[White "Ramos Antona, Enrique"]
[Black "Guardiola Sevilla, Antonio"]
[Result "0-1"]
[WhiteElo "1512"]
[BlackElo "1733"]
[PlyCount "90"]
[EventDate "2022.03.07"]
[EventType "swiss"]
[EventRounds "9"]
[EventCountry "ESP"]
[SourceTitle "EXT 2023"]
[Source "ChessBase"]
[SourceDate "2022.10.05"]
[SourceVersion "1"]
[SourceVersionDate "2022.10.05"]
[SourceQuality "1"]

1. d4 Nf6 2. c4 g6 3. g3 Bg7 4. Bg2 c5 5. e3 0-0 6. Nc3 e6 7. Nge2 cxd4 8. exd4 d5 9. Qb3 Nc6 10. 0-0 dxc4 11. Qxc4 Bd7 12. Bg5 Rc8 13. Qd3 Qa5 14. Bxf6 Bxf6 15. Ne4 Be7 16. a3 Qb6 17. b4 Rfd8 18. Qe3 Be8 19. Nc5 Bf6 20. Rfd1 Qc7 21. Nxe6 fxe6 22. Qxe6+ Qf7 23. Bh3 Bd7 24. Qxf7+ Kxf7 25. Bg2 Bg4 26. f3 Be6 27. Rac1 Nxd4 28. Kf1 Nxe2 29. Kxe2 Rxc1 30. Rxc1 Bb2 31. Rc7+ Rd7 32. Rxd7+ Bxd7 33. f4 b5 34. Bd5+ Kf6 35. h3 Bxa3 36. g4 Bxb4 37. Be4 a5 38. Kd3 Bd6 39. g5+ Kg7 40. Ke3 Bxh3 41. Bc6 Bf1 42. Be4 a4 43. f5 gxf5 44. Bxf5 a3 45. Bb1 Bc4 0-1

[Event "Madrid-ch Previa-A"]
[Site "Madrid"]
[Date "2022.03.07"]
[Round "1"]
[White "Ramos Antona, Enrique"]
[Black "Esteban Amo, Jose M"]
[Result "1-0"]
[WhiteElo "1512"]
[BlackElo "1874"]
[PlyCount "85"]
[EventDate "2022.03.07"]
[EventType "swiss"]
[EventRounds "9"]
[EventCountry "ESP"]
[SourceTitle "EXT 2023"]
[Source "ChessBase"]
[SourceDate "2022.10.05"]
[SourceVersion "1"]
[SourceVersionDate "2022.10.05"]
[SourceQuality "1"]

1. d4 f5 2. g3 Nf6 3. Bg2 d6 4. c4 g6 5. Nc3 Bg7 6. Nf3 0-0 7. 0-0 Qe8 8. Rb1 e5 9. dxe5 dxe5 10. Nd5 Na6 11. b3 c6 12. Nxf6+ Bxf6 13. Bb2 Qe7 14. Qc2 Bd7 15. a3 Rad8 16. Rfd1 Nc5 17. Nd2 Ne6 18. e3 Ng5 19. h4 Nf7 20. Nf3 c5 21. b4 cxb4 22. axb4 Bc6 23. b5 Be4 24. Qa4 Bxb1 25. Rxb1 Qc7 26. Ba3 Be7 27. Bb4 Bc5 28. Ng5 Nxg5 29. hxg5 e4 30. g4 Qe7 31. Ba5 Rd6 32. Bc3 Qxg5 33. Be5 Rdd8 34. Rd1 Qxg4 35. Rd5 Bb6 36. Qb3 Rxd5 37. cxd5 h5 38. d6+ Kh7 39. Qd5 f4 40. Qxb7+ Kh6 41. Qg7+ Kg5 42. Qe7+ Kh6 43. Qxf8+ 1-0

[Event "Madrid City-ch Seniors 50"]
[Site "Madrid"]
[Date "2021.04.12"]
[Round "5"]
[White "Ramos Antona, Enrique"]
[Black "Perez Pascual, Arturo"]
[Result "0-1"]
[WhiteElo "1471"]
[BlackElo "1742"]
[PlyCount "84"]
[EventDate "2021.04.06"]
[EventType "swiss"]
[EventRounds "9"]
[EventCountry "ESP"]
[SourceTitle "EXT 2022"]
[Source "ChessBase"]
[SourceDate "2021.10.06"]
[SourceVersion "1"]
[SourceVersionDate "2021.10.06"]
[SourceQuality "1"]

1. d4 d5 2. g3 Nf6 3. Bg2 e6 4. Nf3 c5 5. c4 Nc6 6. 0-0 dxc4 7. dxc5 Qxd1 8. Rxd1 Bxc5 9. Nfd2 Na5 10. Na3 Bxa3 11. bxa3 Rb8 12. Bb2 Bd7 13. Bxf6 gxf6 14. Ne4 Ke7 15. Nc3 Bc6 16. e4 Rhd8 17. f4 b5 18. Kf2 Nb7 19. Ke3 Nc5 20. Bf1 a5 21. Rxd8 Rxd8 22. Rd1 Rxd1 23. Nxd1 Bxe4 24. Kd4 Kd6 25. Nc3 Bc6 26. Be2 e5+ 27. Ke3 Ne6 28. Ne4+ Bxe4 29. Kxe4 Nd4 30. fxe5+ fxe5 31. Bd1 f5+ 32. Ke3 c3 33. Kd3 c2 34. Bxc2 Nxc2 35. Kxc2 h5 36. Kd3 Kd5 37. h3 e4+ 38. Ke3 Ke5 39. h4 Kd5 40. Kf4 Kd4 41. Kg5 e3 42. Kxh5 e2 0-1

[Event "Madrid City-ch Seniors 50"]
[Site "Madrid"]
[Date "2021.04.09"]
[Round "4"]
[White "Infante Martin, Alonso"]
[Black "Ramos Antona, Enrique"]
[Result "0-1"]
[WhiteElo "1404"]
[BlackElo "1471"]
[PlyCount "135"]
[EventDate "2021.04.06"]
[EventType "swiss"]
[EventRounds "9"]
[EventCountry "ESP"]
[SourceTitle "EXT 2022"]
[Source "ChessBase"]
[SourceDate "2021.10.06"]
[SourceVersion "1"]
[SourceVersionDate "2021.10.06"]
[SourceQuality "1"]

1. d4 d5 2. c4 dxc4 3. Nc3 e6 4. Nf3 a6 5. a4 Bb4 6. Qc2 Nc6 7. e3 Na5 8. Nd2 Qg5 9. Nf3 Qg6 10. Qxg6 hxg6 11. Ne5 b5 12. Bd2 Nb3 13. Ra2 Bb7 14. f3 Nh6 15. Be2 Nf5 16. Bd1 Nh4 17. Rg1 Nf5 18. Bxb3 cxb3 19. Ra1 Rxh2 20. axb5 axb5 21. Rxa8+ Bxa8 22. Nxb5 Bxd2+ 23. Kxd2 Ke7 24. Nxc7 Bb7 25. Nb5 Nh4 26. Ke2 f6 27. Ng4 Bxf3+ 28. Kf2 Bxg4 29. Kg3 Rxg2+ 30. Rxg2 Nxg2 31. Kxg2 Bd1 32. Kf2 g5 33. Nc3 Bc2 34. Kg3 f5 35. Nb5 g6 36. Nc3 Bd3 37. Kf3 Kf6 38. Na4 g4+ 39. Kg3 g5 40. Nc5 Bc2 41. Nd7+ Ke7 42. Ne5 Kf6 43. Nd7+ Kg7 44. Ne5 Kg8 45. Nd7 Kf7 46. Ne5+ Ke8 47. Nc6 Kd7 48. Ne5+ Kd6 49. Nf7+ Kd5 50. Nxg5 e5 51. dxe5 Kxe5 52. Nf7+ Ke4 53. Kf2 g3+ 54. Kxg3 Kxe3 55. Ne5 f4+ 56. Kg2 Be4+ 57. Kf1 Kd4 58. Ng4 Bf5 59. Nf2 Ke3 60. Ke1 f3 61. Nd1+ Kd3 62. Kf2 Be4 63. Nc3 Bc6 64. Ke1 Kc2 65. Nd1 Kc1 66. Ne3 Kxb2 67. Kf2 Kc1 68. Nc4 0-1

[Event "Madrid City-ch Seniors 50"]
[Site "Madrid"]
[Date "2021.04.07"]
[Round "2"]
[White "Marin Aso, Jose Luis"]
[Black "Ramos Antona, Enrique"]
[Result "1-0"]
[WhiteElo "1910"]
[BlackElo "1471"]
[PlyCount "41"]
[EventDate "2021.04.06"]
[EventType "swiss"]
[EventRounds "9"]
[EventCountry "ESP"]
[SourceTitle "EXT 2022"]
[Source "ChessBase"]
[SourceDate "2021.10.06"]
[SourceVersion "1"]
[SourceVersionDate "2021.10.06"]
[SourceQuality "1"]

1. e4 e5 2. Nf3 Nf6 3. Nxe5 d6 4. Nf3 Nxe4 5. d4 d5 6. Bd3 Nc6 7. 0-0 Be7 8. Re1 0-0 9. c4 Nb4 10. cxd5 Qxd5 11. Bxe4 Qc4 12. Nc3 Bg4 13. Ne5 Bxd1 14. Nxc4 Bf6 15. Rxd1 Rad8 16. Be3 Rfe8 17. a3 c5 18. dxc5 Bxc3 19. bxc3 Rxe4 20. Rxd8+ Re8 21. Rxe8# 1-0

[Event "Madrid City-ch Seniors 50"]
[Site "Madrid"]
[Date "2021.04.06"]
[Round "1"]
[White "Ramos Antona, Enrique"]
[Black "Marin Lopez, Jeronimo"]
[Result "0-1"]
[WhiteElo "1471"]
[BlackElo "1899"]
[PlyCount "132"]
[EventDate "2021.04.06"]
[EventType "swiss"]
[EventRounds "9"]
[EventCountry "ESP"]
[SourceTitle "EXT 2022"]
[Source "ChessBase"]
[SourceDate "2021.10.06"]
[SourceVersion "1"]
[SourceVersionDate "2021.10.06"]
[SourceQuality "1"]

1. Nf3 d6 2. g3 g6 3. Bg2 Bg7 4. d4 Nf6 5. 0-0 0-0 6. c4 Nbd7 7. Nc3 c6 8. Re1 Qc7 9. e4 e5 10. h3 exd4 11. Nxd4 Ne5 12. b3 a6 13. Bb2 h5 14. Nf3 Nxf3+ 15. Qxf3 Nh7 16. Nd1 Ng5 17. Qe3 Nxh3+ 18. Kh2 Nxf2 19. Qxf2 f6 20. Ne3 Be6 21. Rad1 Rf7 22. Ba3 Rd8 23. c5 Qa5 24. Bc1 Qxc5 25. Qc2 Qxc2 26. Nxc2 Bg4 27. Rd3 f5 28. Ne3 Be5 29. exf5 Bxf5 30. Nxf5 Rxf5 31. Rf1 Rdf8 32. Rxf5 Rxf5 33. Kg1 Kg7 34. Be4 Rf7 35. Kg2 b5 36. Ba3 c5 37. Bc1 c4 38. Rf3 Rc7 39. Bf4 a5 40. Bxe5+ dxe5 41. Bc2 c3 42. Kf2 b4 43. Ke3 Rd7 44. Rf2 Rd4 45. Be4 Rd1 46. Re2 Kf6 47. Bc2 Rg1 48. Kf3 g5 49. Rh2 g4+ 50. Kf2 Ra1 51. Ke3 Rxa2 52. Kd3 a4 53. bxa4 b3 54. Kxc3 bxc2 55. Rxc2 Rxa4 56. Rh2 Kg5 57. Re2 Ra3+ 58. Kc4 Rxg3 59. Rxe5+ Kh4 60. Kd4 Rf3 61. Ke4 Rf1 62. Kd3 g3 63. Re4+ Kh3 64. Re3 h4 65. Ke2 Rf2+ 66. Ke1 Kg2 0-1

[Event "Madrid-ch Previa-A"]
[Site "Madrid"]
[Date "2020.02.17"]
[Round "7"]
[White "Ramos Antona, Enrique"]
[Black "De Fuenmayor Fernandez, Carlos Pablo"]
[Result "1-0"]
[WhiteElo "1436"]
[BlackElo "1365"]
[PlyCount "144"]
[EventDate "2020.02.03"]
[EventType "swiss"]
[EventRounds "9"]
[EventCountry "ESP"]
[SourceTitle "EXT 2021"]
[Source "ChessBase"]
[SourceDate "2020.10.23"]
[SourceVersion "1"]
[SourceVersionDate "2020.10.23"]
[SourceQuality "1"]

1. d4 d5 2. c4 e6 3. Nf3 Nf6 4. g3 Be7 5. Bg2 0-0 6. 0-0 Nbd7 7. b3 Rb8 8. Nc3 b6 9. cxd5 exd5 10. Qc2 Bb7 11. Bb2 h6 12. Rfe1 c5 13. e3 Re8 14. Rac1 Bd6 15. Nb5 Nf8 16. Nxd6 Qxd6 17. dxc5 bxc5 18. Qxc5 Qxc5 19. Rxc5 Ne4 20. Rc2 Ne6 21. Rec1 Rec8 22. Nd4 Rxc2 23. Rxc2 Rc8 24. Rxc8+ Bxc8 25. Nc6 Ba6 26. Ne7+ Kf8 27. Nxd5 N4c5 28. Ba3 Kg8 29. Bf1 Bb7 30. Ne7+ Kh7 31. Nf5 Kg6 32. Nd6 Bc6 33. Nc4 Kf6 34. Bb2+ Ke7 35. Ba3 Kf6 36. Bc1 Bb5 37. Bb2+ Ke7 38. Bd4 g6 39. Ne5 Kd6 40. Bc4 Bxc4 41. Nxc4+ Ke7 42. Ne5 a6 43. Bc3 Kf6 44. Bb2 Ke7 45. f3 Nd7 46. Ba3+ Ndc5 47. Kf2 Kf6 48. Bb2 Ke7 49. h4 f6 50. Nc4 Nd3+ 51. Ke2 Nxb2 52. Nxb2 Kd6 53. a3 Kc6 54. Nd3 Kb5 55. Kd2 g5 56. f4 gxh4 57. gxh4 h5 58. Kc3 Nf8 59. f5 Nd7 60. a4+ Kb6 61. Kc4 Ka5 62. Kd5 Kb6 63. Kd6 Nf8 64. Ke7 Nh7 65. Kf7 Kc6 66. Kg7 Ng5 67. hxg5 fxg5 68. f6 g4 69. f7 g3 70. f8Q h4 71. Qf3+ Kd6 72. Nf4 Ke5 1-0

[Event "Madrid-ch Seniors 50"]
[Site "Madrid"]
[Date "2020.01.16"]
[Round "4"]
[White "Martinez Carrasco, Jesus"]
[Black "Ramos Antona, Enrique"]
[Result "1-0"]
[WhiteElo "1566"]
[BlackElo "1493"]
[PlyCount "126"]
[EventDate "2020.01.13"]
[EventType "swiss"]
[EventRounds "9"]
[EventCountry "ESP"]
[SourceTitle "CBM 194 Extra"]
[Source "ChessBase"]
[SourceDate "2020.03.31"]
[SourceVersion "1"]
[SourceVersionDate "2020.03.31"]
[SourceQuality "1"]

1. d4 d6 2. c4 Nf6 3. Nc3 g6 4. e4 Bg7 5. Nf3 0-0 6. Be2 Nbd7 7. 0-0 Re8 8. Be3 Ng4 9. Bf4 e5 10. Bg3 exd4 11. Nxd4 Nge5 12. f4 Nc6 13. Nxc6 bxc6 14. Qd2 Nf6 15. Bf3 Bg4 16. Bh4 Bxf3 17. Rxf3 Qc8 18. Re1 Nd7 19. Rfe3 f6 20. Bg3 Qa6 21. b3 Qa5 22. Qc2 Kf7 23. Kh1 Re7 24. Ne2 c5 25. Ng1 Rae8 26. Nf3 Qb6 27. Qd3 Qc6 28. Qe2 h6 29. Qd3 Nf8 30. e5 f5 31. Qd5+ Qxd5 32. cxd5 Nh7 33. Bh4 g5 34. e6+ Kf6 35. fxg5+ hxg5 36. Bf2 Kg6 37. h3 Nf6 38. Rd3 Ne4 39. Bg1 Rh8 40. Nd2 Bc3 41. Be3 Bxd2 42. Rxd2 Nxd2 43. Bxd2 Rh4 44. Ba5 Re4 45. Rd1 f4 46. Kg1 Kf5 47. Rd2 Re3 48. Kf2 Ke4 49. Rd1 Rd3 50. Rxd3 Kxd3 51. Kf3 Kd4 52. Kg4 Kxd5 53. Kxg5 Kxe6 54. Kxf4 Kd7 55. g4 d5 56. h4 Ke8 57. g5 Re4+ 58. Kg3 d4 59. Bxc7 d3 60. Ba5 Rb4 61. Bxb4 cxb4 62. Kf3 Kf7 63. Ke3 Kg6 1-0

[Event "Madrid-ch Seniors 50"]
[Site "Madrid"]
[Date "2020.01.14"]
[Round "2"]
[White "Ramos Antona, Enrique"]
[Black "Corredor Gonzalez, Angel L"]
[Result "0-1"]
[WhiteElo "1493"]
[BlackElo "1733"]
[PlyCount "112"]
[EventDate "2020.01.13"]
[EventType "swiss"]
[EventRounds "9"]
[EventCountry "ESP"]
[SourceTitle "CBM 194 Extra"]
[Source "ChessBase"]
[SourceDate "2020.03.31"]
[SourceVersion "1"]
[SourceVersionDate "2020.03.31"]
[SourceQuality "1"]

1. d4 Nf6 2. c4 e5 3. dxe5 Ng4 4. Nf3 Bc5 5. e3 Nc6 6. h3 Ngxe5 7. a3 a5 8. Nbd2 0-0 9. Be2 d6 10. Nxe5 Nxe5 11. Nf3 Re8 12. 0-0 Re6 13. Nxe5 Rxe5 14. Bd2 Qh4 15. Bg4 f5 16. g3 Qe7 17. Bf3 c6 18. Kh2 Bd7 19. b4 axb4 20. axb4 Ba7 21. Bc3 Be6 22. Bxe5 dxe5 23. c5 e4 24. Bg2 Rd8 25. Qc2 Bb8 26. Rfd1 Bd5 27. Bf1 h5 28. Bc4 h4 29. Bxd5+ cxd5 30. Kg2 hxg3 31. fxg3 Qe5 32. Qf2 Kf7 33. Rh1 d4 34. Rad1 d3 35. Rd2 Rh8 36. g4 g6 37. Kf1 Ke6 38. g5 Rf8 39. Kg2 f4 40. exf4 Rxf4 41. Qg3 Qd5 42. Re1 Be5 43. Qe3 Kf5 44. Rf1 Rxf1 45. Kxf1 Bf4 46. Rf2 Qe5 47. b5 Kxg5 48. Qxf4+ Qxf4 49. Rxf4 Kxf4 50. c6 bxc6 51. bxc6 Ke3 52. Ke1 d2+ 53. Kd1 Kf2 54. c7 e3 55. c8Q e2+ 56. Kc2 d1Q+ 0-1

[Event "Madrid San Viator op-A 31st"]
[Site "Madrid"]
[Date "2019.11.17"]
[Round "9"]
[White "Garcia Galeote, Lorenzo"]
[Black "Ramos Antona, Enrique"]
[Result "1-0"]
[WhiteElo "1873"]
[BlackElo "1486"]
[PlyCount "91"]
[EventDate "2019.09.08"]
[EventType "swiss"]
[EventRounds "9"]
[EventCountry "ESP"]
[SourceTitle "EXT 2022"]
[Source "ChessBase"]
[SourceDate "2021.10.06"]
[SourceVersion "1"]
[SourceVersionDate "2021.10.06"]
[SourceQuality "1"]

1. d4 Nf6 2. c4 g6 3. Nc3 d5 4. cxd5 Nxd5 5. e4 Nxc3 6. bxc3 Bg7 7. Be3 c5 8. Qd2 0-0 9. Rb1 Qc7 10. Bd3 cxd4 11. cxd4 b6 12. Rc1 Qd7 13. Ne2 Ba6 14. 0-0 Bxd3 15. Qxd3 Nc6 16. Qb5 Ne5 17. Qxd7 Nxd7 18. Rc7 Rfd8 19. Rfc1 Bf8 20. Nc3 e6 21. Nb5 a6 22. Na7 Bd6 23. Rb7 Rab8 24. Rxb8 Rxb8 25. Rc6 Bf8 26. Rc7 Nf6 27. f3 Ne8 28. Rc6 Kg7 29. d5 exd5 30. Bd4+ f6 31. exd5 Bc5 32. Bxc5 bxc5 33. Rxc5 Rb1+ 34. Kf2 Rb2+ 35. Kg3 Rxa2 36. Nc8 Rd2 37. Ra5 Rd4 38. Rxa6 Rxd5 39. Ra7+ Kh6 40. Ne7 Rg5+ 41. Kf2 Rh5 42. f4 g5 43. g4 Rxh2+ 44. Kg3 Rh4 45. Ng8+ Kg6 46. f5# 1-0

[Event "Madrid San Viator op-A 31st"]
[Site "Madrid"]
[Date "2019.10.27"]
[Round "7"]
[White "Tudela Garcia, Antonio"]
[Black "Ramos Antona, Enrique"]
[Result "1/2-1/2"]
[WhiteElo "1582"]
[BlackElo "1486"]
[PlyCount "73"]
[EventDate "2019.09.08"]
[EventType "swiss"]
[EventRounds "9"]
[EventCountry "ESP"]
[SourceTitle "EXT 2022"]
[Source "ChessBase"]
[SourceDate "2021.10.06"]
[SourceVersion "1"]
[SourceVersionDate "2021.10.06"]
[SourceQuality "1"]

1. e4 d6 2. d4 Nf6 3. Bd3 g6 4. Bg5 Bg7 5. Ne2 Nbd7 6. Qd2 e5 7. h4 h6 8. Bxf6 Bxf6 9. dxe5 Nxe5 10. Nbc3 Nxd3+ 11. Qxd3 Bxh4 12. g3 Bf6 13. 0-0-0 Be6 14. Nd4 Qe7 15. Nxe6 Qxe6 16. e5 Be7 17. Qb5+ Kf8 18. exd6 Bxd6 19. Qxb7 Kg7 20. Rhe1 Qf5 21. Qd5 Qxd5 22. Nxd5 Rhe8 23. Rxe8 Rxe8 24. Kd2 c6 25. Ne3 Bc5 26. Re1 Rd8+ 27. Ke2 h5 28. Rd1 Rxd1 29. Nxd1 Kf6 30. Ne3 Bxe3 31. Kxe3 Kf5 32. b4 g5 33. Kf3 Ke5 34. Ke3 f5 35. c4 h4 36. gxh4 gxh4 37. c5 1/2-1/2

[Event "Madrid Codes Memorial 13th"]
[Site "Madrid"]
[Date "2019.03.31"]
[Round "1.18"]
[White "Ramos Antona, Enrique"]
[Black "Medina Lucena, Emilio"]
[Result "0-1"]
[WhiteElo "1499"]
[BlackElo "1284"]
[PlyCount "127"]
[EventDate "2019.03.31"]
[EventType "swiss"]
[EventRounds "9"]
[EventCountry "ESP"]
[SourceTitle "EXT 2024"]
[Source "ChessBase"]
[SourceDate "2023.10.10"]
[SourceVersion "1"]
[SourceVersionDate "2023.10.10"]
[SourceQuality "1"]

1. d4 Nf6 2. Nf3 d6 3. g3 g6 4. Bg2 Bg7 5. 0-0 0-0 6. Bg5 Nc6 7. c3 Ne4 8. Bf4 e5 9. dxe5 dxe5 10. Nxe5 Qxd1 11. Rxd1 Nxe5 12. Bxe4 Nc4 13. Bc1 Re8 14. Bd3 Rd8 15. Nd2 Ne5 16. Bc2 Bh6 17. Kg2 Be6 18. f4 Ng4 19. Nf1 Rxd1 20. Bxd1 Rd8 21. Bc2 Bd5+ 22. e4 Bc6 23. Kf3 f5 24. Be3 Nf6 25. Bb3+ Kh8 26. Bd4 Bxe4+ 27. Ke3 Bg7 28. Bxf6 Bxf6 29. Rd1 Re8 30. Kf2 Be7 31. Nd2 Bc5+ 32. Ke2 Bc2+ 33. Kf3 Bxd1+ 34. Bxd1 Rd8 35. Ke2 Bg1 36. Nf3 Bb6 37. Ne5 Kg7 38. Bb3 Bg1 39. h3 Bh2 40. Nf7 Rd7 41. Ne5 Re7 42. Kf2 g5 43. Nf3 gxf4 44. Nxh2 fxg3+ 45. Kxg3 Re2 46. Nf3 Rxb2 47. Nd4 Kf6 48. Be6 c5 49. Bb3 cxd4 50. cxd4 Kg5 51. h4+ Kf6 52. Kf4 Rd2 53. Ke3 Rh2 54. d5 Rxh4 55. d6 Rb4 56. Bd5 Rb6 57. d7 Ke7 58. Kf4 Rf6 59. Bxb7 Kxd7 60. Bd5 Ke7 61. Bg8 h6 62. Bh7 a6 63. Bxf5 Rxf5+ 64. Kxf5 0-1

[Event "Madrid-ch Previa-A"]
[Site "Madrid"]
[Date "2019.02.12"]
[Round "5"]
[White "Martinez Miura, Enrique"]
[Black "Ramos Antona, Enrique"]
[Result "1/2-1/2"]
[WhiteElo "1673"]
[BlackElo "1521"]
[PlyCount "69"]
[EventDate "2019.02.04"]
[EventType "swiss"]
[EventRounds "9"]
[EventCountry "ESP"]
[SourceTitle "EXT 2021"]
[Source "ChessBase"]
[SourceDate "2020.10.23"]
[SourceVersion "1"]
[SourceVersionDate "2020.10.23"]
[SourceQuality "1"]

1. e4 e5 2. Nf3 Nc6 3. Bb5 Nf6 4. Nc3 Bc5 5. 0-0 Nd4 6. Nxe5 Nxb5 7. Nxb5 0-0 8. Nc3 Bd4 9. Nf3 Bxc3 10. dxc3 Nxe4 11. Re1 d5 12. h3 Bf5 13. Bf4 c5 14. Nd2 Re8 15. Nxe4 Rxe4 16. Rxe4 Bxe4 17. Qd2 Qb6 18. b3 Qg6 19. Bg3 Qc6 20. f3 Bf5 21. Re1 Be6 22. Be5 f6 23. Bg3 Re8 24. Bf2 b6 25. Re2 Bf7 26. Be3 Re5 27. Bf4 Rxe2 28. Qxe2 g5 29. Bg3 Qb7 30. h4 h6 31. hxg5 hxg5 32. f4 gxf4 33. Bxf4 Bg6 34. Bh6 Kf7 35. Bf4 1/2-1/2

[Event "Madrid-ch Previa-A"]
[Site "Madrid"]
[Date "2019.02.06"]
[Round "3"]
[White "De Dompablo Fantova, Juan"]
[Black "Ramos Antona, Enrique"]
[Result "1-0"]
[WhiteElo "1678"]
[BlackElo "1521"]
[PlyCount "52"]
[EventDate "2019.02.04"]
[EventType "swiss"]
[EventRounds "9"]
[EventCountry "ESP"]
[SourceTitle "EXT 2021"]
[Source "ChessBase"]
[SourceDate "2020.10.23"]
[SourceVersion "1"]
[SourceVersionDate "2020.10.23"]
[SourceQuality "1"]

1. e4 d6 2. d4 Nf6 3. Nc3 g6 4. f3 c6 5. Be3 b5 6. Qd2 Nbd7 7. g4 Nb6 8. Nh3 Bb7 9. g5 Nfd7 10. Nf2 Qc7 11. h4 e5 12. Ng4 0-0-0 13. d5 a6 14. a4 Nc4 15. Bxc4 bxc4 16. a5 Bg7 17. Na4 c5 18. b4 f5 19. gxf6 Bxf6 20. Nxf6 Nxf6 21. bxc5 dxc5 22. Bxc5 Nxd5 23. exd5 Rxd5 24. Nb6+ Kb8 25. Nxd5 Qxc5 26. Nb6 Bxf3 1-0

[Event "Madrid-ch Seniors 50"]
[Site "Madrid"]
[Date "2019.01.14"]
[Round "6"]
[White "Ramos Antona, Enrique"]
[Black "Hernandez Garcia, Carlos"]
[Result "0-1"]
[WhiteElo "1561"]
[BlackElo "1733"]
[PlyCount "30"]
[EventDate "2019.01.07"]
[EventType "swiss"]
[EventRounds "9"]
[EventCountry "ESP"]
[SourceTitle "CBM 188 Extra"]
[Source "ChessBase"]
[SourceDate "2019.02.26"]
[SourceVersion "1"]
[SourceVersionDate "2019.02.26"]
[SourceQuality "1"]

1. Nf3 Nf6 2. g3 d5 3. Bg2 Nc6 4. 0-0 e5 5. b3 e4 6. Ne1 Be6 7. Bb2 Qd7 8. f3 Bh3 9. c4 Bxg2 10. Kxg2 d4 11. Na3 h5 12. fxe4 h4 13. Nf3 hxg3 14. Rh1 Qh3+ 15. Kg1 g2 0-1